| 000 | 00696nam a2200229 4500 | ||
|---|---|---|---|
| 003 | OSt | ||
| 005 | 20211106035115.0 | ||
| 008 | s2011 fr fre u | ||
| 020 | _a9782330000691 | ||
| 040 | _aLB-BrCRDP | ||
| 082 | 1 |
_aA. _bHEN. |
|
| 100 | 1 | _aHenson, Jim | |
| 245 | 1 | 0 |
_aX144 Atchoum! _cJim Henson, Claire Laurens |
| 260 |
_aParis _bACTES SUD JUNIOR _c2011 |
||
| 300 |
_a30 p. _c23*18 cm. |
||
| 490 | 0 | _aSID Le petit scientifique | |
| 650 | _a Rhume -- Prévention -- Ouvrages pour la jeunesse. | ||
| 650 | _aMicroorganismes -- Ouvrages pour la jeunesse. | ||
| 700 | 1 | _aLaurens, Claire | |
| 942 |
_cBK _2ddc |
||
| 999 |
_c6105 _d6105 |
||